Generazioni dei Pokémon - Quiz n°3 - Statistics

Statistiche generali
  • Questo quiz è stato fatto 17 volte
  • Il punteggio medio è 9 su 15
Statistiche sulle risposte
Hint Risposta % Corretto
Empoleon Quarta
94%
Miltank Seconda
81%
Grimer Prima
75%
Cyclizar Nona
69%
Froslass Quarta
69%
Darkrai  Quarta
69%
Roserade Quarta
63%
Bagon Terza
63%
Minior Settima
56%
Nihilego Settima
50%
Mothim Quarta
44%
Smoochum Seconda
44%
Phantump Sesta
44%
Silvally Settima
44%
Tsareena Settima
38%
Nessun quiz corrispondente trovato
Distribuzione punteggi
Percentuale di utenti per punteggio
Percentile per numero di risposta
I tuoi punteggi nel tempo
Non hai fatto questo quiz